000 00699nam a2200205 a 4500
005 20140516020002.0
008 131118b xxu||||| |||| 00| 0 spa d
020 _a9789588151809
041 _aspa
090 _aIAVH
_b00589
100 _aRodríguez Eraso, Nelly
_9289
245 _aCaracterización estructural y funcional de los ecosistemas asociados al proyecto "café de conservación" en el norte del Valle del Cauca
260 _aBogotá
_bInstituto Alexander von Humboldt
_c2006
300 _a60 p.
700 _aOtero García, Javier
_9335
700 _aRincón Ruíz, Alexander
_92750
700 _aRodríguez Cajamarca, Juliana
_92751
942 _cCD-ROM
_2ddc
_01
945 _d2007-05-07
999 _c5494
_d5494